000 01220naa a22003137a 4500
001 BR8305328
003 BR-BrBNA
005 20240918175338.0
007 ta
008 230509b bl.||||| |||| 00| 0 por d
040 _aBR-BrBNA
_bpor
_cBiblioteca Nacional de Agricultura
041 _a(Pt)
072 _aL10
_b5214
_bGG50
090 _aL10 BR8305328
100 1 _aSeifert, G.W.
111 1 _a1. Simposio Brasileiro de Melhoramento Genetico do Bovino Leiteiro nos Tropicos
_cJuiz de Fora, MG (Brazil)
_d27 Sep-1 Oct 1982
245 1 _aDesenvolvimento de racas leiteiras para ambientes tropicais
260 3 _aCoronel Pacheco, MG (Brasil):
_c1983.
500 _aAnais do 1. Simposio Brasileiro de Melhoramento Genetico do Bovino Leiteiro nos Tropicos Coronel Pacheco, MG (Brasil): 1983. p. 293-312 (BR8305328-AM)L10
650 _aGADO LEITEIRO
650 _aRACA
650 _aGENOTIPO
650 _aCRUZAMENTO ANIMAL
650 _aSELECAO GENETICA
650 _aCLIMA
773 0 _tAnais do 1. Simposio Brasileiro de Melhoramento Genetico do Bovino Leiteiro nos Tropicos
_wL10 BR8305328
_gCoronel Pacheco, MG (Brasil), 1983. p. 293-312
909 _a202404
_bLucia
_c55
_dLucia Elande
942 _cAM
_2AGRIS
999 _c316244
_d316244